000 00386nam a2200157 i 4500
001 bg
100 1 _aBOLEWSKI, Andrzej
245 0 _aPetrografia /
_cAndrzej Bolewski, Włodzimierz Parachoniak.
260 _aWarszawa,
_c1974.
700 1 _aPARACHONIAK, Włodzimierz
040 _cBPK
041 _apol
080 _a552
942 _cKS
008 s pl f |000 0 pol
999 _c18014
_d18014
856 _uhttp://koha.tu.koszalin.pl/cgi-bin/koha/opac-detail.pl?biblionumber=18014
_yKatalog online BPK